| 000 | 00807nam a22002177a 4500 | ||
|---|---|---|---|
| 999 |
_c19784 _d19784 |
||
| 003 | AR-CdUCM | ||
| 008 | 190522b ||||| |||| 00| 0 spa d | ||
| 040 |
_aMUNICIPALIDAD PROVINCIAL DEL CUSCO _cBIBLIOTECA MUNICIPAL DEL CUSCO |
||
| 082 |
_a332.6 / _bB94 |
||
| 100 |
_aBurgos Castañeda, Aníbal _941372 |
||
| 245 | _aEl efecto tributario en la reinversion de capitales / | ||
| 260 |
_aLima : _bEdit. Andrómeda, _c1974. |
||
| 300 |
_a378 páginas ; _c22 cm. |
||
| 440 |
_aABC _941373 |
||
| 505 | _aContenido: Cuestiones conceptuales y de terminología -- La reinversion en el sector industrial -- La reinversion en el sector de la minería... | ||
| 650 |
_aInversiones _94219 |
||
| 650 |
_aImpuestos _9381 |
||
| 650 |
_aDesarrollo económico _91696 |
||
| 942 |
_2ddc _cLIBROS |
||
| 945 |
_adavv _d2019-05-22 |
||